[Event "Olympiad-44"]
[Site "Chennai"]
[Date "2022.08.08"]
[Round "10.1"]
[White "Blijstra, Wim"]
[Black "Pereira, Sergio"]
[Result "0-1"]
[WhiteElo "2198"]
[BlackElo "1994"]
[PlyCount "54"]
[EventDate "2022.07.29"]
[EventType "team-swiss"]
[EventRounds "11"]
[EventCountry "IND"]
[SourceTitle "CBM 210"]
[Source "ChessBase"]
[SourceDate "2022.10.31"]
[SourceVersion "1"]
[SourceVersionDate "2022.10.31"]
[SourceQuality "1"]
[WhiteTeam "Netherlands Antilles"]
[BlackTeam "Sao Tome and Principe"]
[WhiteTeamCountry "AHO"]
[BlackTeamCountry "SAO"]

1. d4 d5 2. Nf3 Nf6 3. c4 dxc4 4. Nc3 a6 5. a4 Nc6 6. e3 Na5 7. Ne5 Be6 8. Be2 g6 9. 0-0 Bg7 10. b4 cxb3 11. Ba3 Nd7 12. Nd3 Bc4 13. f4 b6 14. Rc1 0-0 15. Bf3 Rc8 16. Rf2 c5 17. d5 b5 18. axb5 axb5 19. Bb2 Bxd3 20. Qxd3 c4 21. Qb1 b4 22. Qa1 bxc3 23. Bxc3 Bxc3 24. Rxc3 Qb6 25. h4 Nc5 26. h5 Nd3 27. h6 b2 0-1

[Event "Online Olym Div4 D"]
[Site "Chess.com INT"]
[Date "2020.08.01"]
[Round "4.2"]
[White "Blijstra, Wim"]
[Black "Alqawasme, Shadi"]
[Result "1-0"]
[WhiteElo "2198"]
[BlackElo "1853"]
[PlyCount "61"]
[EventDate "2020.07.31"]
[EventType "team-tourn (rapid)"]
[EventRounds "9"]
[EventCountry "USA"]
[SourceTitle "CBM 198"]
[Source "ChessBase"]
[SourceDate "2020.10.31"]
[SourceVersion "1"]
[SourceVersionDate "2020.10.31"]
[SourceQuality "1"]
[WhiteTeam "Netherlands Antilles"]
[BlackTeam "Palestine"]
[WhiteTeamCountry "AHO"]
[BlackTeamCountry "PLE"]

1. d4 Nf6 2. Nf3 e6 3. Bf4 d5 4. e3 Bd6 5. Ne5 c5 6. c3 Nc6 7. Bb5 Bd7 8. Nxf7 Kxf7 9. Bxd6 cxd4 10. exd4 Nxd4 11. Bd3 Bb5 12. Bxb5 Nxb5 13. Bg3 Nd6 14. 0-0 Nf5 15. Be5 Re8 16. Nd2 Nd7 17. Nf3 Kg8 18. Re1 Nxe5 19. Rxe5 Qf6 20. Qe2 Rac8 21. Re1 Kf7 22. g4 Nd6 23. Qe3 Nc4 24. g5 Nxe3 25. gxf6 Ng4 26. Rg5 Nxf6 27. Ne5+ Kg8 28. f3 Rc7 29. Kf2 Nd7 30. Nd3 Nf6 31. Reg1 1-0

[Event "Online Olym Div4 D"]
[Site "Chess.com INT"]
[Date "2020.08.01"]
[Round "6.1"]
[White "Blijstra, Wim"]
[Black "Germinal, Kemly"]
[Result "1-0"]
[WhiteElo "2198"]
[BlackElo "1997"]
[PlyCount "97"]
[EventDate "2020.07.31"]
[EventType "team-tourn (rapid)"]
[EventRounds "9"]
[EventCountry "USA"]
[SourceTitle "CBM 198"]
[Source "ChessBase"]
[SourceDate "2020.10.31"]
[SourceVersion "1"]
[SourceVersionDate "2020.10.31"]
[SourceQuality "1"]
[WhiteTeam "Netherlands Antilles"]
[BlackTeam "Haiti"]
[WhiteTeamCountry "AHO"]
[BlackTeamCountry "HAI"]

1. d4 Nf6 2. Nf3 e6 3. Bf4 d5 4. e3 Be7 5. Nbd2 0-0 6. Bd3 Nbd7 7. Ne5 c5 8. c3 Qb6 9. Rb1 c4 10. Bc2 Qa5 11. 0-0 Qxa2 12. Qf3 Qa5 13. Qh3 Re8 14. e4 Nf8 15. Bg5 N6d7 16. Bxe7 Rxe7 17. f4 Nf6 18. Nef3 dxe4 19. Nxe4 Nxe4 20. Bxe4 Qc7 21. Qg3 Rb8 22. Ne5 f6 23. Ng4 f5 24. Bxf5 exf5 25. Nf6+ Kh8 26. Nd5 Qd6 27. Nxe7 Qxe7 28. Rfe1 Qf6 29. Re5 Ng6 30. Re8+ Nf8 31. Rbe1 b5 32. Qe3 Kg8 33. d5 Ra8 34. Qc5 Bb7 35. R8e7 Rc8 36. Qxb5 Ba8 37. Rxa7 Rd8 38. Re5 Ng6 39. Re6 Qf8 40. d6 Nxf4 41. Ree7 Nh5 42. Qxc4+ Kh8 43. Qf7 Qxf7 44. Rxf7 Bd5 45. Rxf5 Nf6 46. d7 Rxd7 47. Rxd7 Nxd7 48. Rxd5 Nf6 49. Rd8+ 1-0

[Event "Online Olym Div4 D"]
[Site "Chess.com INT"]
[Date "2020.07.31"]
[Round "1.3"]
[White "Zilleruelo Irizarry, Diego"]
[Black "Blijstra, Wim"]
[Result "1-0"]
[WhiteElo "2081"]
[BlackElo "2198"]
[PlyCount "65"]
[EventDate "2020.07.31"]
[EventType "team-tourn (rapid)"]
[EventRounds "9"]
[EventCountry "USA"]
[SourceTitle "CBM 198"]
[Source "ChessBase"]
[SourceDate "2020.10.31"]
[SourceVersion "1"]
[SourceVersionDate "2020.10.31"]
[SourceQuality "1"]
[WhiteTeam "Puerto Rico"]
[BlackTeam "Netherlands Antilles"]
[WhiteTeamCountry "PUR"]
[BlackTeamCountry "AHO"]

1. e4 e6 2. d4 d5 3. Nd2 Nf6 4. e5 Nfd7 5. Bd3 c5 6. c3 Nc6 7. Ne2 cxd4 8. cxd4 Qb6 9. Nf3 f6 10. exf6 Nxf6 11. 0-0 Bd6 12. Nc3 0-0 13. a3 Bd7 14. Be3 Rae8 15. b4 Bb8 16. h3 a6 17. Ne5 Bc8 18. Rc1 Nd8 19. Na4 Qd6 20. Rxc8 Nc6 21. Rxe8 Rxe8 22. f4 Ba7 23. Nc5 Re7 24. Qe2 g6 25. Rc1 Nd8 26. Nb3 Kg7 27. Rc8 Nf7 28. Qc2 Ne4 29. Bxe4 dxe4 30. Qxe4 Nh6 31. g4 Ng8 32. g5 Rc7 33. Nc4 1-0

[Event "Olympiad-43"]
[Site "Batumi"]
[Date "2018.10.04"]
[Round "10.1"]
[White "Kamara, Ansumana"]
[Black "Blijstra, Wim"]
[Result "1-0"]
[WhiteElo "1910"]
[BlackElo "2211"]
[PlyCount "107"]
[EventDate "2018.09.24"]
[EventType "team-swiss"]
[EventRounds "11"]
[EventCountry "GEO"]
[SourceTitle "CBM 187"]
[Source "ChessBase"]
[SourceDate "2018.12.11"]
[SourceVersion "1"]
[SourceVersionDate "2018.12.11"]
[SourceQuality "1"]
[WhiteTeam "Sierra Leone"]
[BlackTeam "Netherlands Antilles"]
[WhiteTeamCountry "SIE"]
[BlackTeamCountry "AHO"]

1. e4 c5 2. Nf3 d6 3. d4 cxd4 4. Nxd4 Nf6 5. Nc3 a6 6. Be3 e5 7. Nb3 Be6 8. f3 h5 9. Qd2 Nbd7 10. g3 Be7 11. 0-0-0 b5 12. h3 Rc8 13. Kb1 Nb6 14. Na5 Qc7 15. Rg1 Nbd7 16. Nb3 b4 17. Nd5 Bxd5 18. exd5 a5 19. Bb5 g6 20. Rge1 0-0 21. g4 Kh7 22. Bg5 Nb6 23. Bxf6 Bxf6 24. gxh5 g5 25. h4 Rg8 26. Bd3+ Kh6 27. Qe3 Rg7 28. hxg5+ Bxg5 29. Qe4 Rf8 30. Qf5 Nxd5 31. Be4 Ne7 32. Qh3 a4 33. Nc1 f5 34. Bd5 a3 35. Bb3 axb2 36. Kxb2 Qc3+ 37. Kb1 e4 38. Ne2 Qf6 39. fxe4 f4 40. Nd4 Qe5 41. Nf3 Qf6 42. e5 Qf5 43. Rxd6+ Kh7 44. Qxf5+ Nxf5 45. Nxg5+ Rxg5 46. Rd7+ Kh6 47. Bf7 Ne3 48. e6 Re5 49. Rd4 Kg5 50. Rg1+ Kf5 51. h6 Rh8 52. h7 Ng4 53. Rf1 Re4 54. Bg6+ 1-0

[Event "Olympiad-43"]
[Site "Batumi"]
[Date "2018.10.03"]
[Round "9.1"]
[White "Blijstra, Wim"]
[Black "Nezad, Husein Aziz"]
[Result "0-1"]
[WhiteElo "2211"]
[BlackElo "2412"]
[PlyCount "164"]
[EventDate "2018.09.24"]
[EventType "team-swiss"]
[EventRounds "11"]
[EventCountry "GEO"]
[SourceTitle "CBM 187"]
[Source "ChessBase"]
[SourceDate "2018.12.11"]
[SourceVersion "1"]
[SourceVersionDate "2018.12.11"]
[SourceQuality "1"]
[WhiteTeam "Netherlands Antilles"]
[BlackTeam "Qatar"]
[WhiteTeamCountry "AHO"]
[BlackTeamCountry "QAT"]

1. d4 d5 2. Nf3 Nf6 3. Bf4 c5 4. e3 Nc6 5. c3 Qb6 6. Qb3 c4 7. Qc2 Bf5 8. Qc1 e6 9. Nbd2 Be7 10. Nh4 0-0 11. Nxf5 exf5 12. Be2 Qd8 13. b3 b5 14. 0-0 Qd7 15. a4 a6 16. Qc2 g6 17. Nf3 Bd6 18. Bxd6 Qxd6 19. Ra2 Rab8 20. axb5 axb5 21. Ra6 Qc7 22. Rfa1 Kg7 23. Nd2 Rfc8 24. b4 h5 25. h4 Re8 26. g3 Re7 27. Kg2 Rbe8 28. Bf3 Rb8 29. R1a3 Ree8 30. Qb2 Rec8 31. Qb1 Qd6 32. Qb2 Nd7 33. Ra1 Nb6 34. Bd1 Qc7 35. Nf3 Qb7 36. R6a3 f6 37. Bc2 Ra8 38. Nd2 Rxa3 39. Rxa3 Ra8 40. Qa1 Rxa3 41. Qxa3 Qa7 42. Nb1 Nc8 43. Qxa7+ N6xa7 44. Na3 Nd6 45. f3 Nac8 46. Kf2 Ne7 47. Ke2 g5 48. Kf2 Ng6 49. hxg5 fxg5 50. Kg2 Kf6 51. Kf2 Ke6 52. Bb1 Ne7 53. Bc2 Nec8 54. Ke2 Nb6 55. Kf1 Kd7 56. Kf2 Kc6 57. Bd1 Na4 58. Nb1 Kd7 59. Kf1 Ke6 60. Kf2 Kf6 61. Be2 g4 62. Bd1 Kg5 63. f4+ Kf6 64. Bc2 Ke6 65. Ke2 Nb6 66. Kf2 Nd7 67. Kg2 Nf6 68. Nd2 Kf7 69. Nb1 Nfe4 70. Bd1 Kg6 71. Bc2 h4 72. gxh4 Kh5 73. Bd1 Kxh4 74. Bc2 g3 75. Bd1 Nf2 76. Bf3 Nde4 77. Kf1 Kh3 78. Kg1 Ng4 79. Bxe4 dxe4 80. d5 g2 81. d6 Nh2 82. Nd2 Nf3+ 0-1

[Event "Olympiad-43"]
[Site "Batumi"]
[Date "2018.09.25"]
[Round "2.1"]
[White "Blijstra, Wim"]
[Black "Lama, Himal"]
[Result "1-0"]
[WhiteElo "2211"]
[BlackElo "2057"]
[PlyCount "59"]
[EventDate "2018.09.24"]
[EventType "team-swiss"]
[EventRounds "11"]
[EventCountry "GEO"]
[SourceTitle "CBM 187"]
[Source "ChessBase"]
[SourceDate "2018.12.11"]
[SourceVersion "1"]
[SourceVersionDate "2018.12.11"]
[SourceQuality "1"]
[WhiteTeam "Netherlands Antilles"]
[BlackTeam "Nepal"]
[WhiteTeamCountry "AHO"]
[BlackTeamCountry "NEP"]

1. d4 d5 2. Bf4 Nf6 3. e3 Bf5 4. c4 c6 5. Nc3 e6 6. Qb3 Qb6 7. c5 Qxb3 8. axb3 a6 9. b4 Be7 10. h3 0-0 11. b5 Nfd7 12. Nf3 f6 13. b4 Re8 14. Be2 e5 15. Bh2 Bd8 16. 0-0 g5 17. g4 Be6 18. Kg2 cxb5 19. Nxb5 e4 20. Nd2 Nc6 21. Nd6 Rf8 22. b5 Na5 23. b6 Nc6 24. Nxb7 a5 25. Bb5 Ndb8 26. Nb3 Bd7 27. Rfb1 Be7 28. N3xa5 f5 29. Nxc6 Bxc6 30. Rxa8 1-0

[Event "Olympiad-42"]
[Site "Baku"]
[Date "2016.09.10"]
[Round "8.1"]
[White "Blijstra, Wim"]
[Black "Eichab, Charles Sidney"]
[Result "0-1"]
[WhiteElo "2216"]
[BlackElo "2070"]
[PlyCount "190"]
[EventDate "2016.09.02"]
[EventType "team-swiss"]
[EventRounds "11"]
[EventCountry "AZE"]
[SourceTitle "CBM 175"]
[Source "ChessBase"]
[SourceDate "2016.11.10"]
[SourceVersion "1"]
[SourceVersionDate "2016.11.10"]
[SourceQuality "1"]
[WhiteTeam "Netherlands Antilles"]
[BlackTeam "Namibia"]
[WhiteTeamCountry "AHO"]
[BlackTeamCountry "NAM"]

1. Nf3 Nf6 2. c4 e6 3. g3 b6 4. Bg2 Bb7 5. 0-0 Be7 6. Nc3 0-0 7. d4 Ne4 8. Qc2 Nxc3 9. Qxc3 c5 10. e3 Na6 11. Rd1 cxd4 12. exd4 Rc8 13. b3 b5 14. Be3 bxc4 15. bxc4 Bd5 16. c5 Bf6 17. Qa3 Nxc5 18. dxc5 Bxa1 19. Rxa1 Bxf3 20. Bxf3 Qf6 21. Rb1 Qxf3 22. Qxa7 Qd5 23. Rb2 Ra8 24. Qb7 Qxb7 25. Rxb7 Rfd8 26. Bf4 Rxa2 27. Kg2 f6 28. Bc7 Rda8 29. Bb6 Rd2 30. Ba7 Rc8 31. Bb6 Rc6 32. Rb8+ Kf7 33. Rb7 Rc8 34. h4 h5 35. Ba7 Kg6 36. Kf3 Kf5 37. Rb5 Rd3+ 38. Ke2 Rd5 39. Rb7 Rc6 40. Bb6 g5 41. hxg5 fxg5 42. Ke3 h4 43. gxh4 gxh4 44. Kf3 Rd3+ 45. Ke2 Rd4 46. Rb8 Rb4 47. Kf3 d6 48. Rh8 dxc5 49. Bxc5 Rf4+ 50. Ke2 e5 51. Be3 Rc2+ 52. Kd1 Rfc4 53. Rxh4 Rxh4 54. Kxc2 Ke4 55. Kd2 Kf3 56. Kd3 e4+ 57. Kd4 Rh1 58. Ke5 Ra1 59. Bb6 Rb1 60. Ba7 Rb4 61. Kd5 Ra4 62. Bb6 Rb4 63. Ba7 Rb7 64. Be3 Rb5+ 65. Kc4 Ra5 66. Bb6 Ra6 67. Be3 Rd6 68. Bd4 Rd7 69. Kc5 Ke2 70. Kc4 Rf7 71. Kd5 Kd3 72. Bb6 Rh7 73. Be3 Rh5+ 74. Ke6 Ke2 75. Ba7 Kf3 76. Be3 Rb5 77. Kd6 Kg4 78. Ke6 Ra5 79. Bd4 Rf5 80. Ba7 Ra5 81. Bd4 Kg5 82. Be3+ Kg6 83. Bd4 Ra8 84. Kd5 Kf5 85. Bb6 Rb8 86. Bd4 Rd8+ 87. Kc5 Ke6 88. Kc4 Rc8+ 89. Kb3 Kf5 90. Kb4 Kf4 91. Kb3 Kf3 92. Kb2 Ke2 93. Ba7 Rf8 94. Kc2 Rxf2 95. Kc3 e3 0-1

[Event "Olympiad-41"]
[Site "Tromsoe"]
[Date "2014.08.12"]
[Round "10.1"]
[White "Blijstra, Wim"]
[Black "Manuel, Enofre Efren D"]
[Result "1-0"]
[WhiteElo "2201"]
[BlackElo "1950"]
[PlyCount "83"]
[EventDate "2014.08.02"]
[EventType "team-swiss"]
[EventRounds "11"]
[EventCountry "NOR"]
[SourceTitle "CBM 162"]
[Source "ChessBase"]
[SourceDate "2014.09.17"]
[SourceVersion "1"]
[SourceVersionDate "2014.09.17"]
[SourceQuality "1"]
[WhiteTeam "Netherlands Antilles"]
[BlackTeam "Guam"]
[WhiteTeamCountry "AHO"]
[BlackTeamCountry "GMA"]

1. d4 Nf6 2. c4 e6 3. Nc3 d5 4. Nf3 c6 5. e3 Be7 6. Bd3 0-0 7. b3 Nbd7 8. 0-0 Qc7 9. Bb2 Re8 10. Rc1 a6 11. Bb1 dxc4 12. bxc4 Qa5 13. Ne2 Ba3 14. Bc3 Qc7 15. Rc2 Ne4 16. Ba1 f5 17. c5 b5 18. Nc3 Ndf6 19. Ne5 Nxc3 20. Rxc3 Bb4 21. Rb3 Ba5 22. Qf3 Bb7 23. g4 Nxg4 24. Nxg4 fxg4 25. Qxg4 Qf7 26. Kh1 Bc8 27. Qh4 g6 28. f4 Bd8 29. Qg3 e5 30. dxe5 Be6 31. Rb2 Bf5 32. e4 Qc4 33. Re1 Be6 34. f5 Bxf5 35. exf5 Bh4 36. Bd3 Qd5+ 37. Be4 Qd8 38. Qb3+ Kf8 39. Rf1 Rxe5 40. fxg6+ Kg7 41. Qf7+ Kh6 42. Qxh7+ 1-0

[Event "Olympiad-41"]
[Site "Tromsoe"]
[Date "2014.08.10"]
[Round "8.1"]
[White "Pascoal, Eduardo A"]
[Black "Blijstra, Wim"]
[Result "1/2-1/2"]
[WhiteElo "2181"]
[BlackElo "2201"]
[PlyCount "114"]
[EventDate "2014.08.02"]
[EventType "team-swiss"]
[EventRounds "11"]
[EventCountry "NOR"]
[SourceTitle "CBM 162"]
[Source "ChessBase"]
[SourceDate "2014.09.17"]
[SourceVersion "1"]
[SourceVersionDate "2014.09.17"]
[SourceQuality "1"]
[WhiteTeam "Angola"]
[BlackTeam "Netherlands Antilles"]
[WhiteTeamCountry "ANG"]
[BlackTeamCountry "AHO"]

1. Nf3 c5 2. e3 Nf6 3. d4 e6 4. c4 d5 5. Nc3 Nc6 6. a3 a6 7. dxc5 Bxc5 8. b4 Be7 9. Bb2 0-0 10. Qb3 dxc4 11. Qxc4 e5 12. Rd1 Qe8 13. Ne4 Be6 14. Nxf6+ Bxf6 15. Qe4 g6 16. Qb1 Rd8 17. Be2 Rxd1+ 18. Qxd1 Qe7 19. Qa1 Bd5 20. 0-0 Rd8 21. Rd1 Kg7 22. h3 e4 23. Bxf6+ Qxf6 24. Qxf6+ Kxf6 25. Nd2 Ke5 26. f4+ exf3 27. gxf3 g5 28. Kf2 Be6 29. Ne4 h6 30. Rc1 Bxh3 31. Rh1 Bf5 32. Nc5 Rd2 33. Rxh6 Nd8 34. e4 Bg6 35. Rh8 Nc6 36. Ke3 Ra2 37. Re8+ Kf6 38. Nxb7 Rxa3+ 39. Kd2 Nxb4 40. Nc5 Ra2+ 41. Kd1 Nc2 42. Nd7+ Kg7 43. Ne5 Ne3+ 44. Ke1 Ng2+ 45. Kf1 Bh5 46. Ra8 a5 47. Ra7 Kf6 48. Nd7+ Kg7 49. Ne5 Nf4 50. Bc4 Ra1+ 51. Kf2 a4 52. Nxf7 Bxf7 53. Rxf7+ Kg6 54. Ra7 a3 55. Ra6+ Kg7 56. Ke3 Ng2+ 57. Kf2 Nf4 1/2-1/2

[Event "Olympiad-41"]
[Site "Tromsoe"]
[Date "2014.08.08"]
[Round "6.1"]
[White "Amonatov, Farrukh"]
[Black "Blijstra, Wim"]
[Result "1-0"]
[WhiteElo "2590"]
[BlackElo "2201"]
[PlyCount "71"]
[EventDate "2014.08.02"]
[EventType "team-swiss"]
[EventRounds "11"]
[EventCountry "NOR"]
[SourceTitle "CBM 162"]
[Source "ChessBase"]
[SourceDate "2014.09.17"]
[SourceVersion "1"]
[SourceVersionDate "2014.09.17"]
[SourceQuality "1"]
[WhiteTeam "Tajikistan"]
[BlackTeam "Netherlands Antilles"]
[WhiteTeamCountry "TJK"]
[BlackTeamCountry "AHO"]

1. e4 c5 2. Nf3 d6 3. d4 cxd4 4. Nxd4 Nf6 5. Nc3 a6 6. h3 b5 7. g4 Bb7 8. Bg2 e6 9. g5 b4 10. gxf6 bxc3 11. bxc3 Qc7 12. 0-0 Nd7 13. Rb1 Rb8 14. fxg7 Bxg7 15. Qh5 0-0 16. Bh6 Bxh6 17. Qxh6 Kh8 18. Ne2 Rg8 19. Qf4 f5 20. Ng3 fxe4 21. Bxe4 e5 22. Rxb7 Rxb7 23. Qh6 Rg7 24. Bxb7 Qxb7 25. Qxd6 Qf3 26. Qd3 Qf4 27. Re1 h5 28. Re4 Qg5 29. h4 Qg6 30. Rc4 Nb6 31. Rc5 Nd7 32. Rc8+ Kh7 33. Rc6 Qxd3 34. cxd3 Rg6 35. Rc7 Rd6 36. Ne4 1-0

[Event "Olympiad-41"]
[Site "Tromsoe"]
[Date "2014.08.03"]
[Round "2.1"]
[White "Blijstra, Wim"]
[Black "Iyti, Basher"]
[Result "1/2-1/2"]
[WhiteElo "2201"]
[BlackElo "2263"]
[PlyCount "93"]
[EventDate "2014.08.02"]
[EventType "team-swiss"]
[EventRounds "11"]
[EventCountry "NOR"]
[SourceTitle "CBM 162"]
[Source "ChessBase"]
[SourceDate "2014.09.17"]
[SourceVersion "1"]
[SourceVersionDate "2014.09.17"]
[SourceQuality "1"]
[WhiteTeam "Netherlands Antilles"]
[BlackTeam "Syria"]
[WhiteTeamCountry "AHO"]
[BlackTeamCountry "SYR"]

1. d4 g6 2. c4 c6 3. e4 d5 4. e5 Bg7 5. Nc3 Nh6 6. cxd5 cxd5 7. Bb5+ Nc6 8. Nge2 0-0 9. 0-0 a6 10. Bxc6 bxc6 11. Na4 f6 12. exf6 exf6 13. Qc2 Bd7 14. b3 Re8 15. Ba3 Bf5 16. Qd2 Nf7 17. Ng3 Bh6 18. Qc3 Bd7 19. Rfe1 Qc7 20. Bc5 Ng5 21. Nb6 Rad8 22. Na4 Rb8 23. Qd3 Qa5 24. Re7 Rxe7 25. Bxe7 Kf7 26. Bd6 Re8 27. Nc5 Bc8 28. Nf1 Ne4 29. Nxe4 Rxe4 30. b4 Qb5 31. Qxb5 axb5 32. Bc5 Bd7 33. Ng3 Re8 34. Kf1 Ra8 35. a3 Bf4 36. Ke2 h5 37. Nf1 h4 38. g3 Bg5 39. f4 Bh6 40. Ne3 hxg3 41. hxg3 Bg7 42. Kf3 g5 43. f5 g4+ 44. Kxg4 Bh6 45. Kf3 Re8 46. Re1 Bxe3 47. Rxe3 1/2-1/2

[Event "Olympiad-41"]
[Site "Tromsoe"]
[Date "2014.08.02"]
[Round "1.1"]
[White "Blijstra, Wim"]
[Black "Svetushkin, Dmitry"]
[Result "0-1"]
[WhiteElo "2201"]
[BlackElo "2547"]
[PlyCount "57"]
[EventDate "2014.08.02"]
[EventType "team-swiss"]
[EventRounds "11"]
[EventCountry "NOR"]
[SourceTitle "CBM 162"]
[Source "ChessBase"]
[SourceDate "2014.09.17"]
[SourceVersion "1"]
[SourceVersionDate "2014.09.17"]
[SourceQuality "1"]
[WhiteTeam "Netherlands Antilles"]
[BlackTeam "Moldova"]
[WhiteTeamCountry "AHO"]
[BlackTeamCountry "MDA"]

1. d4 d5 2. Nf3 Nf6 3. c4 c6 4. Nc3 dxc4 5. a4 Bf5 6. e3 e6 7. Bxc4 Bb4 8. 0-0 0-0 9. Qe2 Bg4 10. Rd1 Nbd7 11. e4 h6 12. h3 Bh5 13. Bf4 Re8 14. Na2 Ba5 15. b4 Bc7 16. e5 Nd5 17. Bd2 a5 18. Bd3 Nf8 19. b5 Bb6 20. g4 Bg6 21. bxc6 bxc6 22. Rac1 Rc8 23. Rc4 Re7 24. Nc1 c5 25. dxc5 Rxc5 26. Bxg6 Nxg6 27. Be3 Rxc4 28. Bxb6 Qc8 29. Be3 0-1

[Event "Olympiad-40"]
[Site "Istanbul"]
[Date "2012.09.07"]
[Round "10.1"]
[White "De la Riva Aguado, Oscar"]
[Black "Blijstra, Wim"]
[Result "0-1"]
[WhiteElo "2540"]
[BlackElo "2206"]
[PlyCount "92"]
[EventDate "2012.08.28"]
[EventType "team-swiss"]
[EventRounds "11"]
[EventCountry "TUR"]
[SourceTitle "CBM 151"]
[Source "ChessBase"]
[SourceDate "2012.11.13"]
[SourceVersion "1"]
[SourceVersionDate "2012.11.13"]
[SourceQuality "1"]
[WhiteTeam "Andorra"]
[BlackTeam "Netherlands Antilles"]
[WhiteTeamCountry "AND"]
[BlackTeamCountry "AHO"]

1. e4 c5 2. Nf3 Nc6 3. Bb5 e6 4. 0-0 Nge7 5. b3 a6 6. Bxc6 Nxc6 7. Bb2 d5 8. exd5 Qxd5 9. Nc3 Qd8 10. Ne4 b6 11. d4 cxd4 12. Nxd4 Bb7 13. Re1 Bb4 14. Nxe6 fxe6 15. Qh5+ g6 16. Qg4 e5 17. Red1 Nd4 18. c3 Bc8 19. Qg5 Qxg5 20. Nxg5 Bxc3 21. Bxc3 Ne2+ 22. Kf1 Nxc3 23. Rd3 Nb5 24. a4 Na7 25. Rc1 0-0 26. Rd6 Bf5 27. Rc7 Nc8 28. Rd5 Ra7 29. Rc3 Re7 30. Re3 Rfe8 31. h3 h6 32. Nf3 e4 33. Nd2 Re5 34. Rd4 h5 35. Nc4 R5e6 36. Ke1 b5 37. axb5 axb5 38. Na3 Re5 39. Nc2 Nb6 40. Nb4 Rc5 41. f3 Rce5 42. f4 Rc5 43. Kd2 h4 44. Rd6 Nc8 45. Rd4 Kf7 46. Na2 Re6 0-1

[Event "Olympiad-40"]
[Site "Istanbul"]
[Date "2012.08.28"]
[Round "1.1"]
[White "Leon Hoyos, Manuel"]
[Black "Blijstra, Wim"]
[Result "1-0"]
[WhiteElo "2579"]
[BlackElo "2206"]
[PlyCount "87"]
[EventDate "2012.08.28"]
[EventType "team-swiss"]
[EventRounds "11"]
[EventCountry "TUR"]
[SourceTitle "CBM 151"]
[Source "ChessBase"]
[SourceDate "2012.11.13"]
[SourceVersion "1"]
[SourceVersionDate "2012.11.13"]
[SourceQuality "1"]
[WhiteTeam "Mexico"]
[BlackTeam "Netherlands Antilles"]
[WhiteTeamCountry "MEX"]
[BlackTeamCountry "AHO"]

1. c4 c5 2. g3 Nc6 3. Nc3 g6 4. Bg2 Bg7 5. a3 e6 6. b4 d6 7. Rb1 Nge7 8. e3 cxb4 9. axb4 Ne5 10. Qe2 f5 11. d4 Nf7 12. Nf3 0-0 13. 0-0 Bd7 14. b5 Qc7 15. Ba3 b6 16. Rfc1 Rfe8 17. Ne1 Rac8 18. Na2 e5 19. c5 bxc5 20. dxc5 dxc5 21. Bxc5 Be6 22. Nd3 Qa5 23. Nab4 e4 24. Nf4 Bd7 25. Bxe7 Rxc1+ 26. Rxc1 Rxe7 27. Nc6 Bxc6 28. bxc6 Be5 29. Qc4 Bxf4 30. gxf4 Rc7 31. Bf1 Qa3 32. Rd1 Qe7 33. Qc3 Qe6 34. Bc4 Qe7 35. Ba2 Kf8 36. Rb1 Qd8 37. h3 h6 38. Kg2 g5 39. Bxf7 Kxf7 40. Qe5 Kg6 41. Rb7 Rxc6 42. Rg7+ Kh5 43. Qxf5 Qd1 44. Rxg5+ 1-0

[Event "Curacao op 11th"]
[Site "Curacao"]
[Date "2011.07.30"]
[Round "8"]
[White "Blijstra, Wim"]
[Black "Ostrovskiy, Aleksandr A"]
[Result "1-0"]
[WhiteElo "2239"]
[BlackElo "2294"]
[PlyCount "87"]
[EventDate "2011.07.22"]
[EventType "swiss"]
[EventRounds "9"]
[EventCountry "AHO"]
[SourceTitle "EXT 2012"]
[Source "ChessBase"]
[SourceDate "2011.11.24"]
[SourceVersion "1"]
[SourceVersionDate "2011.11.24"]
[SourceQuality "1"]

1. Nf3 d5 2. d4 Nf6 3. c4 c6 4. e3 Bf5 5. Nc3 e6 6. Nh4 Be4 7. f3 Bg6 8. Qb3 Qc7 9. Bd2 Be7 10. cxd5 Nxd5 11. Nxg6 hxg6 12. 0-0-0 Nd7 13. e4 Nxc3 14. Bxc3 Nb6 15. g3 a5 16. Qc2 0-0 17. f4 Rfd8 18. Bg2 Nc4 19. Qe2 b5 20. h4 Bb4 21. Qf3 c5 22. d5 Bxc3 23. Qxc3 exd5 24. exd5 Ra6 25. h5 Qe7 26. Qd3 Rad6 27. hxg6 Rxg6 28. g4 Rh6 29. Rxh6 gxh6 30. b3 Nb6 31. g5 b4 32. Qd2 c4 33. d6 Qe6 34. Bd5 Nxd5 35. Qxd5 c3 36. Qg2 h5 37. f5 Qe3+ 38. Kc2 Qf4 39. d7 Qc7 40. g6 f6 41. Qe2 Kf8 42. Qxh5 Rxd7 43. Qh8+ Ke7 44. Rxd7+ 1-0

[Event "Curacao op 11th"]
[Site "Curacao"]
[Date "2011.07.24"]
[Round "3"]
[White "Blijstra, Wim"]
[Black "Lopez, Jasel"]
[Result "0-1"]
[WhiteElo "2239"]
[BlackElo "2127"]
[PlyCount "104"]
[EventDate "2011.07.22"]
[EventType "swiss"]
[EventRounds "9"]
[EventCountry "AHO"]
[SourceTitle "EXT 2012"]
[Source "ChessBase"]
[SourceDate "2011.11.24"]
[SourceVersion "1"]
[SourceVersionDate "2011.11.24"]
[SourceQuality "1"]

1. Nf3 f5 2. b3 e6 3. Bb2 d5 4. Ne5 Nf6 5. e3 Bd6 6. f4 Nbd7 7. Be2 0-0 8. 0-0 c5 9. d4 Ne4 10. Nd2 Qe7 11. Nxe4 fxe4 12. a4 cxd4 13. exd4 g5 14. Qd2 gxf4 15. Rxf4 Rxf4 16. Qxf4 Nxe5 17. dxe5 Bc5+ 18. Kh1 Bd7 19. c4 Bc6 20. Rd1 Rd8 21. cxd5 Bxd5 22. Rc1 Rf8 23. Qg3+ Kh8 24. Rd1 Qf7 25. Bc1 Qf2 26. Bh6 Rg8 27. Qxf2 Bxf2 28. Rc1 e3 29. Bf3 Bxf3 30. gxf3 e2 31. Bd2 e1Q+ 32. Rxe1 Bxe1 33. Bxe1 Kg7 34. Kg2 Kg6 35. f4 Kf5+ 36. Kf3 Rg1 37. Bd2 Rd1 38. Ke2 Rxd2+ 39. Kxd2 Kxf4 40. Kd3 Kxe5 41. Ke3 a5 42. h4 h5 43. Kd3 Kd5 44. Ke3 e5 45. Kd3 e4+ 46. Ke3 Ke5 47. Ke2 Kd4 48. Kd2 e3+ 49. Ke2 Ke4 50. Ke1 Kd3 51. Kd1 e2+ 52. Ke1 Ke3 0-1